000 00459cam a2200169ua 4500
041 _aeng
_h
082 _a937.06
_bGIB/DE
100 _aGibbon, .
245 _aDecline and fall of the Roman Empire vol 3 /
_cGibbon.
_hTextual Documents
260 _aLondon :
_bJ M Dent and Sons Ltd ,
_c1962.
300 _a470 ; .
440 0 _aEvery man`s library,
_v436
_x;
490 0 _aEvery man`s library,
_v436
_x;
504 _a
942 _cBK
999 _c639
_d639